01312 2200205 4500001002100000005001500021008004100036035002000077082000800097084001400105100002300119245003600142250000600178260003800184300001200222520083800234650001001072990001201082990001201094INLIS00000000000095520240531080022240531 1 ind  a0010-0524000190 a813 a813 ALM s aSitumorang, Almino1 aSenja Kaca /cAlmino Situmorang a1 aYogyakarta :bSheila/ Andi,c2012 a230 hlm aImpian Aster sederhana saja. Memadu janji seumur hidup di bawah temaram senja yang berwarna keemasan di kala matahari terbenam, di atas pasir pantai yang lembut, dan diiringi deburan ombak. Dan setelah itu, berdua, bersama, seumur hidup mereka akan menikmati berlaksa-laksa senja dalam kehidupan mereka. Baru kali itu ada seorang pria menyelam ke dasar air dan membawakan oleh-oleh dari sana untuk Aster. Namanya Paul. Semua sungguh sempurna. Keduanya bahkan berbagi sebuah impian untuk suatu hari nanti bersama-sama menikmati senja di sebuah tempat impian. Tapi senja adalah pertanda sebuah akhir dari terangnya hari. Ternyata banyak sekali kejadian yang tak bisa ditebak dan dimengerti dalam hidup ini. Bagaikan seorang putri dalam kastil yang menanti dalam senja yang remang, dengan ketidakpastian, akankah impian mereka terwujud? 4aFiksi a0741664 a0741665